Kto je za čo zodpovedný?

Inštitúcie, ktoré sú kompetentné na Slovensku vykonávať kontroly v maloobchodných prevádzkach. Ich kompetencie a aktuálne zistenia. Legislatíva.

Saved in:
Bibliographic Details
Main Author: Palfiová, Anna
Format: Book Chapter
Language:Slovak
Subjects:
Tags: Add Tag
No Tags, Be the first to tag this record!

MARC

LEADER 00000naa a2200000 4500
001 0123400
005 20231128094836.5
041 0 |a slo 
044 |a SK 
245 1 0 |a Kto je za čo zodpovedný?  |c Anna Palfiová 
520 |a Inštitúcie, ktoré sú kompetentné na Slovensku vykonávať kontroly v maloobchodných prevádzkach. Ich kompetencie a aktuálne zistenia. Legislatíva. 
610 2 0 |a maloobchod 
610 2 0 |a prevádzky 
610 2 0 |a dozor potravinový 
610 2 0 |a hygiena 
610 2 0 |a bezpečnosť potravinová 
100 1 |a Palfiová, Anna